Analýza vybraných parametrov hospodárskeho vývoja v čase krízy a po vstupe SR do eurozóny z pohľadu podnikateľského prostredia na Slovensku
Negatívny vývoj slovenskej ekonomiky v rokoch 2008 a 2009 vo viacerých oblastiach. Analýza vplyvu zavedenia eura v SR v období hospodárskej krízy. Analýza sadzieb u vybraných typov daní v Slovenskej republike a krajinách Európskej únie. Sadzby DPH v rámci krajín V4 a EÚ. Sadzby dane z príjmov právni...
Salvato in:
| Autore principale: | |
|---|---|
| Altri autori: | |
| Natura: | Capitolo di libro |
| Lingua: | slovacco |
| Soggetti: | |
| Tags: |
Nessun Tag, puoi essere il primo ad aggiungerne!!
|
MARC
| LEADER | 00000nla$a2200000$$$4500 | ||
|---|---|---|---|
| 001 | 0122403 | ||
| 005 | 20220321081914.0 | ||
| 041 | 0 | |a slo | |
| 044 | |a CZ | ||
| 245 | 1 | 0 | |a Analýza vybraných parametrov hospodárskeho vývoja v čase krízy a po vstupe SR do eurozóny z pohľadu podnikateľského prostredia na Slovensku |c Rastislav Rajnoha, Ján Dobrovič |
| 520 | |a Negatívny vývoj slovenskej ekonomiky v rokoch 2008 a 2009 vo viacerých oblastiach. Analýza vplyvu zavedenia eura v SR v období hospodárskej krízy. Analýza sadzieb u vybraných typov daní v Slovenskej republike a krajinách Európskej únie. Sadzby DPH v rámci krajín V4 a EÚ. Sadzby dane z príjmov právnických osôb v rámci krajín V4 a EÚ. | ||
| 610 | 2 | 0 | |a situácia hospodárska |
| 610 | 2 | 0 | |a kríza finančná |
| 610 | 2 | 0 | |a kríza hospodárska |
| 610 | 2 | 0 | |a euro |
| 610 | 2 | 0 | |a dane z príjmov |
| 610 | 2 | 0 | |a dane z hodnoty pridanej |
| 610 | 2 | 0 | |a Slovensko |
| 610 | 2 | 0 | |a Vyšehradská štvorka |
| 610 | 2 | 0 | |a Európska únia |
| 100 | 1 | |a Rajnoha, Rastislav | |
| 700 | 1 | |a Dobrovič, Ján | |